DeVita, Cancer, Principles and Practice of Oncology: Review First SAE (Record no. 2254)

000 -LEADER
fixed length control field 00512nam a22001937a 4500
005 - DATE AND TIME OF LATEST TRANSACTION
control field 20241220113311.0
008 - FIXED-LENGTH DATA ELEMENTS--GENERAL INFORMATION
fixed length control field 241220b ||||| |||| 00| 0 eng d
020 ## - INTERNATIONAL STANDARD BOOK NUMBER
International Standard Book Number 9789390612857
040 ## - CATALOGING SOURCE
Transcribing agency KWIU
041 ## - LANGUAGE CODE
Language code of text/sound track or separate title ENG
080 ## - UNIVERSAL DECIMAL CLASSIFICATION NUMBER
Universal Decimal Classification number 616-006
100 ## - MAIN ENTRY--PERSONAL NAME
9 (RLIN) 1439
Personal name Swarupa, Mitra
245 ## - TITLE STATEMENT
Title DeVita, Cancer, Principles and Practice of Oncology: Review First SAE
250 ## - EDITION STATEMENT
Edition statement 4E (1st SAE)
260 ## - PUBLICATION, DISTRIBUTION, ETC.
Name of publisher, distributor, etc. Wolters Kluwer
Date of publication, distribution, etc. 2022
300 ## - PHYSICAL DESCRIPTION
Extent 602 p.
650 #0 - SUBJECT ADDED ENTRY--TOPICAL TERM
9 (RLIN) 296
Topical term or geographic name entry element Oncology
942 ## - ADDED ENTRY ELEMENTS (KOHA)
Source of classification or shelving scheme
Koha item type Books
Edition 4E (1st SAE)
Holdings
Withdrawn status Lost status Source of classification or shelving scheme Damaged status Not for loan Permanent location Current location Date acquired Inventory number Full call number Barcode Date last seen Price effective from Koha item type
          Ken Walker International University Ken Walker International University 12/20/2024 2592 616 (006) D-50 2592 12/20/2024 12/20/2024 Books

Powered by Koha